Projektové riadenie a podnikový manažment v medzinárodnom podniku na Slovensku diplomová práca

Salvato in:
Dettagli Bibliografici
Autore principale: Janechová, Barbora
Ente Autore: Fakulta podnikového manažmentu EU. Katedra manažmentu
Altri autori: Tarišková, Natália, 1973-
Natura: Libro
Lingua:slovacco
Pubblicazione: Bratislava 2018
Tags: Aggiungi Tag
Nessun Tag, puoi essere il primo ad aggiungerne!!

MARC

LEADER 00000nbm a2200000 4500
001 0244645
005 20180920130518.9
041 0 |a slo 
044 |a SK 
245 1 0 |a Projektové riadenie a podnikový manažment v medzinárodnom podniku na Slovensku  |b diplomová práca  |c Barbora Janechová ; školiteľ: Natália Tarišková 
264 1 |a Bratislava  |c 2018 
300 |a 63 s. 
100 1 |a Janechová, Barbora 
700 1 |a Tarišková, Natália, 1973- 
710 2 |a Fakulta podnikového manažmentu EU. Katedra manažmentu